000 00636nam a22001937a 4500
999 _c63923
_d63923
005 20260220120238.0
008 260220s2001 enk||||| |||| 00| 0 eng d
020 _a9780071124485x
041 _aeng
080 _a616.43 : 612 F-36
100 _aFelig, Philip
_926941
245 _aEndocrinology and Metabolism /
_cFelig Philip, Frohman Lawrence.
264 _aNew York :
_bMcGraw-Hill,
_c 2001.
300 _a1562 p.:
_bill.;
_c29 cm.
653 _aენდოკრინოლოგია
653 _aმეტაბოლიზმი
700 _aFrohman, Lawrence
_eავტორი
_926942
942 _2udc
_cᲬᲘᲒᲜᲘ